Vùng đất ngày mai Truyện

সংরক্ষণ করুন:
গ্রন্থ-পঞ্জীর বিবরন
প্রধান লেখক: Trần Kim Thành
বিন্যাস: গ্রন্থ
ভাষা:Undetermined
প্রকাশিত: Hà Nội Thanh niên 1979
বিষয়গুলি:
ট্যাগগুলো: ট্যাগ যুক্ত করুন
কোনো ট্যাগ নেই, প্রথমজন হিসাবে ট্যাগ করুন!
Thư viện lưu trữ: Trung tâm Học liệu Trường Đại học Cần Thơ
LEADER 00546nam a2200193Ia 4500
001 CTU_10573
008 210402s9999 xx 000 0 und d
082 |a 895.922333 
082 |b Th107v 
100 |a Trần Kim Thành 
245 0 |a Vùng đất ngày mai 
245 0 |b Truyện 
245 0 |c Trần Kim Thành 
260 |a Hà Nội 
260 |b Thanh niên 
260 |c 1979 
650 |a vietnamese literature 
904 |i Nguyễn Quang Điền, 961010 
980 |a Trung tâm Học liệu Trường Đại học Cần Thơ